00301pab a2200121 454500008004000000100001700040245004600057260000900103300000900112362000900121650002900130773002000159180718b1983 xxu||||| |||| 00| 0 eng d aNevile, J.W. aThe role of fiscal policy in the eighties c1983 a1-15 aMar. aFinance, Public - Policy aEconomic Record